[Event "PRVA LIGA CENTRALNE SRBIJE 2018."]
[Site "Kragujevac"]
[Date "2018.09.18"]
[Round "6.1"]
[White "Atalik, Suat"]
[Black "Soysal, Serkan"]
[Result "1/2-1/2"]
[WhiteElo "2512"]
[BlackElo "2404"]
[Annotator "Balkanchess"]
[PlyCount "119"]
[EventDate "2018.??.??"]
[WhiteClock "0:20:31"]
[BlackClock "0:03:38"]

1. c4 c6 2. e4 d5 3. exd5 cxd5 4. d4 Nf6 5. Nc3 Nc6 6. Nf3 Bg4 7. cxd5 Nxd5 8.
Qb3 Bxf3 9. gxf3 Nb6 10. Be3 e6 11. O-O-O Be7 12. d5 exd5 13. Nxd5 Nxd5 14.
Rxd5 Qc7 15. Kb1 O-O 16. Rd1 Rad8 17. Bd3 Bf6 18. Qc2 g6 19. f4 Qa5 20. Qc5
Qxc5 21. Bxc5 Rfe8 22. Bb5 a6 23. Bxc6 bxc6 24. Rxd8 Rxd8 25. Be3 c5 26. b3 Rd5
27. Kc2 Bd4 28. Kd3 Bxe3+ 29. Kxe3 Rh5 30. h4 Kg7 31. Rc1 Rxh4 32. Rxc5 Rh1 33.
Ke2 h5 34. Rc6 h4 35. Rc3 Kf6 36. Rc8 Kg7 37. Rc3 Kf6 38. Rc8 a5 39. Kf3 Ra1
40. Kg4 Rxa2 41. Rc6+ Kg7 42. f5 gxf5+ 43. Kxh4 Rxf2 44. Ra6 Rh2+ 45. Kg3 Rb2
46. Rxa5 Rxb3+ 47. Kf4 Kg6 48. Ra6+ f6 49. Ra8 Rb4+ 50. Kf3 Rb1 51. Ra7 Rf1+
52. Kg2 Rf4 53. Kg3 Rg4+ 54. Kf3 Rh4 55. Kg3 Rh7 56. Ra8 Rc7 57. Kf4 Rc4+ 58.
Kf3 Rc1 59. Ra7 Rf1+ 60. Kg2 1/2-1/2

[Event "PRVA LIGA CENTRALNE SRBIJE 2018."]
[Site "Kragujevac"]
[Date "2018.09.18"]
[Round "6.1"]
[White "Radovanovic, Nikola"]
[Black "Irizanin, Radoje"]
[Result "1/2-1/2"]
[WhiteElo "2420"]
[BlackElo "2296"]
[Annotator "Balkanchess"]
[PlyCount "95"]
[EventDate "2018.??.??"]
[WhiteClock "0:13:58"]
[BlackClock "0:17:00"]

1. d4 Nf6 2. c4 e6 3. Nc3 Bb4 4. g3 O-O 5. Bg2 d5 6. Nf3 c6 7. O-O Re8 8. Qc2
Nbd7 9. Rd1 b6 10. Qa4 Bxc3 11. bxc3 Bb7 12. Ba3 Qc7 13. Rac1 c5 14. cxd5 exd5
15. e3 a6 16. dxc5 Nxc5 17. Qf4 Qxf4 18. gxf4 Nce4 19. c4 dxc4 20. Ne5 Rad8 21.
Rxd8 Rxd8 22. Nxc4 b5 23. Na5 Bd5 24. Bb4 Be6 25. Nc6 Re8 26. f3 a5 27. Nxa5
Nd5 28. a3 Nxb4 29. axb4 Nf6 30. Rc5 g6 31. Rxb5 Nd5 32. Kf2 Rc8 33. Rc5 Ra8
34. f5 gxf5 35. f4 Nxb4 36. Bxa8 Nd3+ 37. Kg3 Nxc5 38. Nc6 Kg7 39. Nd4 Kf6 40.
Kh4 Kg6 41. Bf3 Nb3 42. Bh5+ Kf6 43. Be2 Kg6 44. Bd3 Nd2 45. Kg3 Kf6 46. Kh4
Kg6 47. Kg3 Kf6 48. Kh4 {Ke5} 1/2-1/2

[Event "PRVA LIGA CENTRALNE SRBIJE 2018."]
[Site "Kragujevac"]
[Date "2018.09.18"]
[Round "6.1"]
[White "Marinkovic, Ivan"]
[Black "Barlov, Dragan"]
[Result "1/2-1/2"]
[WhiteElo "2459"]
[BlackElo "2414"]
[Annotator "Balkanchess"]
[PlyCount "20"]
[EventDate "2018.??.??"]
[WhiteClock "1:28:11"]
[BlackClock "1:27:28"]

1. e4 c5 2. Nf3 Nc6 3. Nc3 e6 4. d4 cxd4 5. Nxd4 a6 6. g3 d6 7. Bg2 Bd7 8. O-O
Nf6 9. b3 Be7 10. Bb2 O-O 1/2-1/2

[Event "PRVA LIGA CENTRALNE SRBIJE 2018."]
[Site "Kragujevac"]
[Date "2018.09.18"]
[Round "6.1"]
[White "Radovic, Luka"]
[Black "Mirkovic, Stevan"]
[Result "1-0"]
[WhiteElo "2342"]
[BlackElo "2307"]
[PlyCount "84"]
[EventDate "2018.??.??"]

1. Nf3 Nf6 2. c4 g6 3. g3 b6 4. Bg2 Bb7 5. b3 Bg7 6. Bb2 O-O 7. O-O c5 8. e3
Na6 9. Nc3 e6 10. d4 d5 11. Qe2 dxc4 12. bxc4 Ne4 13. Rfd1 Nxc3 14. Bxc3 Qe7
15. Qb2 cxd4 16. Bxd4 f6 17. a4 e5 18. Bc3 Bc6 19. Nd2 Bxg2 20. Kxg2 Rfd8 21.
a5 Qb7+ 22. Kg1 Nc5 23. Rab1 Rab8 24. axb6 axb6 25. Qc2 Qc6 26. Bb4 Nd3 27. Rb3
Qa4 28. Qb1 Rd7 29. Ne4 Nxb4 30. Rxd7 Qxd7 31. Rxb4 Qc6 32. c5 b5 33. Qb3+ Kh8
34. Nd6 Bf8 35. Qe6 Qxc5 36. Qxf6+ Bg7 37. Nf7+ Kg8 38. Qe6 Qf8 39. Nxe5+ Kh8
40. Nf7+ Kg8 41. Ng5+ Kh8 42. Rh4 h6 1-0

[Event "PRVA LIGA CENTRALNE SRBIJE 2018."]
[Site "Kragujevac"]
[Date "2018.09.18"]
[Round "6.1"]
[White "Gavrilovic, Leonardo"]
[Black "Radovic, Janko"]
[Result "0-1"]
[WhiteElo "2243"]
[BlackElo "2405"]
[Annotator "Balkanchess"]
[PlyCount "84"]
[EventDate "2018.??.??"]
[WhiteClock "0:59:29"]
[BlackClock "0:44:52"]

1. e4 c5 2. Nf3 d6 3. c3 Nf6 4. Be2 Bd7 5. d3 g6 6. O-O Bg7 7. Re1 O-O 8. Bf1
Nc6 9. Nbd2 Rc8 10. a4 e5 11. b3 d5 12. Ba3 b6 13. b4 cxb4 14. cxb4 Re8 15. b5
Na5 16. Nb3 Nb7 17. h3 d4 18. Nbd2 Nh5 19. Nc4 Qc7 20. Qd2 Be6 21. Rac1 Qb8 22.
Nb2 Nf6 23. Rxc8 Rxc8 24. Qd1 Qc7 25. Ng5 Qc3 26. Qa1 Bb3 27. Nc4 Qxa1 28. Rxa1
Bxc4 29. dxc4 h6 30. Nf3 Nxe4 31. Bb4 Nec5 32. a5 Nb3 33. Re1 bxa5 34. Ba3 Re8
35. Bd3 N3c5 36. Bb1 e4 37. Nd2 d3 38. Nxe4 Rxe4 39. Rxe4 Nxe4 40. Bxd3 Nbc5
41. Bxe4 Nxe4 42. c5 Bf8 0-1

[Event "PRVA LIGA CENTRALNE SRBIJE 2018."]
[Site "Kragujevac"]
[Date "2018.09.18"]
[Round "6.1"]
[White "Novoselski, Zoran"]
[Black "Ivanovic, Zoran B"]
[Result "1/2-1/2"]
[WhiteElo "2356"]
[BlackElo "2001"]
[Annotator "Balkanchess"]
[PlyCount "84"]
[EventDate "2018.??.??"]
[WhiteClock "0:45:49"]
[BlackClock "0:31:31"]

1. e4 Nf6 2. e5 Nd5 3. d4 d6 4. Bc4 c6 5. Qf3 dxe5 6. dxe5 g6 7. Qg3 Bg7 8. Nf3
Qc7 9. O-O O-O 10. Bb3 a5 11. a3 a4 12. Ba2 Bf5 13. c4 Nb6 14. Bf4 Qc8 15. Nd4
c5 16. Nxf5 Qxf5 17. Nc3 Nc6 18. Rae1 Nd4 19. Nd5 Nxd5 20. cxd5 Qc2 21. Qc3
Ne2+ 22. Rxe2 Qxe2 23. f3 Qb5 24. Bg5 Rfe8 25. f4 c4 26. Qxc4 Qxc4 27. Bxc4 h6
28. Bh4 Rec8 29. Bd3 g5 30. fxg5 hxg5 31. Bxg5 Bxe5 32. Bxe7 Bxb2 33. Rf3 f6
34. d6 Kf7 35. Be4 Bd4+ 36. Kf1 Rc3 37. Bd5+ Ke8 38. Bxb7 Rxf3+ 39. Bxf3 Rb8
40. Bc6+ Kf7 41. Bd5+ Ke8 42. Bc6+ Kf7 1/2-1/2

[Event "PRVA LIGA CENTRALNE SRBIJE 2018."]
[Site "Kragujevac,hotel Sumarice"]
[Date "2018.09.18"]
[Round "6.2"]
[White "Popchev, Milko"]
[Black "Savicevic, Vlatko"]
[Result "0-1"]
[WhiteElo "2267"]
[BlackElo "2338"]
[PlyCount "102"]
[EventDate "2018.09.14"]
[WhiteTeam "Krusik Valjevo"]
[BlackTeam "Trepca Kosovska Mitrovica"]

1. d4 d5 2. Nf3 e6 3. g3 Nf6 4. Bg2 Be7 5. O-O b5 6. c3 Bb7 7. Bf4 Nbd7 8. Nbd2
c5 9. Ne5 O-O 10. dxc5 Bxc5 11. a4 g5 12. Nxd7 Nxd7 13. Be3 Bxe3 14. fxe3 Qb6
15. axb5 Qxe3+ 16. Rf2 Ne5 17. Nf1 Qc5 18. e3 Qxb5 19. Qd4 f6 20. Bh3 Rae8 21.
b4 Nc6 22. Qd1 Qb6 23. Raa2 Ba6 24. Nd2 Bd3 25. Nf1 Bc4 26. Rad2 Re7 27. Qh5
Kg7 28. Bg2 Bxf1 29. Bxf1 Qxe3 30. Bd3 Kh8 31. Qh6 Kg8 32. Kg2 Ne5 33. Rde2
Qxd3 34. Rxe5 Qg6 35. Qxg6+ hxg6 36. Re1 Kf7 37. Ra1 Rc8 38. Ra3 f5 39. Rd2 Kf6
40. Rd3 g4 41. h3 gxh3+ 42. Kxh3 Rc6 43. Kg2 Rec7 44. Kf2 g5 45. Ke2 Rh7 46.
Ra5 a6 47. Re3 f4 48. gxf4 gxf4 49. Rf3 Kf5 50. Kd3 Kg4 51. Rf1 Rh3+ 0-1

[Event "PRVA LIGA CENTRALNE SRBIJE 2018."]
[Site "Kragujevac,hotel Sumarice"]
[Date "2018.09.18"]
[Round "6.2"]
[White "Simic, Dragisa"]
[Black "Kostic, Vladimir G"]
[Result "0-1"]
[WhiteElo "2299"]
[BlackElo "2334"]
[PlyCount "60"]
[EventDate "2018.09.14"]
[WhiteTeam "Trepca Kosovska Mitrovica"]
[BlackTeam "Krusik Valjevo"]

1. e4 d6 2. d4 Nf6 3. Nc3 e5 4. Nge2 exd4 5. Nxd4 Be7 6. Be3 O-O 7. Qd2 c6 8.
O-O-O b5 9. f3 b4 10. Nce2 d5 11. exd5 Qa5 12. Kb1 Rd8 13. Nf4 g5 14. Nb3 Qc7
15. Nd3 Nxd5 16. Bxg5 f6 17. Be3 a5 18. Bc5 a4 19. Bxe7 Qxe7 20. Re1 Qf8 21.
Nbc5 a3 22. Re4 axb2 23. Kxb2 Qg7 24. Nxb4 Na6 25. Nxd5 Rb8+ 26. Kc1 cxd5 27.
Bc4 Be6 28. Bb3 dxe4 29. Bxe6+ Kh8 30. Qc3 Qg5+ 0-1

[Event "PRVA LIGA CENTRALNE SRBIJE 2018."]
[Site "Kragujevac,hotel Sumarice"]
[Date "2018.09.18"]
[Round "6.2"]
[White "Ivanovic, Dragutin"]
[Black "Gajic, Mladen"]
[Result "1-0"]
[WhiteElo "2307"]
[BlackElo "2291"]
[PlyCount "50"]
[EventDate "2018.09.14"]
[WhiteTeam "Krusik Valjevo"]
[BlackTeam "Trepca Kosovska Mitrovica"]

1. Nf3 b6 2. e4 Bb7 3. Nc3 e6 4. d4 Bb4 5. Bd3 Nf6 6. Qe2 d5 7. e5 Ne4 8. O-O
Nxc3 9. bxc3 Bxc3 10. Rb1 Nc6 11. Be3 Qd7 12. Rb3 Ba5 13. c3 O-O-O 14. Nd2 Kb8
15. f4 f5 16. Rc1 h6 17. Rbb1 Ka8 18. Nb3 Rhg8 19. Qb2 g5 20. Bb5 Rb8 21. Qa3
a6 22. Nxa5 bxa5 23. Bf1 gxf4 24. Bxf4 h5 25. Rb2 Qe7 1-0

[Event "PRVA LIGA CENTRALNE SRBIJE 2018."]
[Site "Kragujevac,hotel Sumarice"]
[Date "2018.09.18"]
[Round "6.2"]
[White "Biljanic, Ljubomir"]
[Black "Sandic, Vladeta"]
[Result "1-0"]
[WhiteElo "2212"]
[BlackElo "2324"]
[PlyCount "61"]
[EventDate "2018.09.14"]
[WhiteTeam "Trepca Kosovska Mitrovica"]
[BlackTeam "Krusik Valjevo"]

1. d4 Nf6 2. c4 c5 3. d5 g6 4. Nc3 d6 5. e4 Bg7 6. h3 O-O 7. Nf3 e6 8. Be2 Re8
9. O-O exd5 10. exd5 Bf5 11. Bd3 Bxd3 12. Qxd3 a6 13. Bf4 Qb6 14. Rab1 Nbd7 15.
a3 Nh5 16. Be3 Qc7 17. g4 Nhf6 18. Bf4 h5 19. g5 Nh7 20. Ne4 Ne5 21. Bxe5 Bxe5
22. Nxe5 Rxe5 23. f4 Re7 24. Nf6+ Nxf6 25. gxf6 Ree8 26. f5 Re5 27. fxg6 Rg5+
28. Kh2 Rxg6 29. Rg1 Kh7 30. Rxg6 fxg6 31. Re1 1-0

[Event "PRVA LIGA CENTRALNE SRBIJE 2018."]
[Site "Kragujevac,hotel Sumarice"]
[Date "2018.09.18"]
[Round "6.2"]
[White "Zivkovic, Dejan"]
[Black "Adzic, Momcilo"]
[Result "1/2-1/2"]
[WhiteElo "2290"]
[BlackElo "2265"]
[PlyCount "90"]
[EventDate "2018.09.14"]
[WhiteTeam "Krusik Valjevo"]
[BlackTeam "Trepca Kosovska Mitrovica"]

1. d4 Nf6 2. Nf3 e6 3. Bg5 d5 4. e3 Nbd7 5. Bd3 Be7 6. Nbd2 O-O 7. c3 c5 8. h3
Qc7 9. Qc2 h6 10. Bf4 Bd6 11. Bxd6 Qxd6 12. O-O e5 13. e4 dxe4 14. Nxe4 Nxe4
15. Bxe4 exd4 16. cxd4 cxd4 17. Rfd1 Nf6 18. Rxd4 Qb6 19. Bd3 Be6 20. a3 Rfc8
21. Qe2 Bd5 22. Rb4 Qc7 23. Nd4 Re8 24. Qd2 Qe5 25. Nc2 Rad8 26. Rd4 Rc8 27.
Ne3 Be4 28. Bc4 Bc6 29. Ng4 Nxg4 30. Rxg4 Kf8 31. Rd1 Rc7 32. Qb4+ Qe7 33. Qa5
Be4 34. b3 Qc5 35. Qc3 f5 36. Rxe4 Rxe4 37. Qf3 Qe5 38. Rd5 Qa1+ 39. Kh2 Re5
40. Qf4 Rxd5 41. Bxd5 Re7 42. Qb8+ Re8 43. Qd6+ Re7 44. Qb8+ Re8 45. Qd6+ Re7
1/2-1/2

[Event "PRVA LIGA CENTRALNE SRBIJE 2018."]
[Site "Kragujevac,hotel Sumarice"]
[Date "2018.09.18"]
[Round "6.2"]
[White "Djosic, Slavoljub"]
[Black "Zivanovic, Bojan"]
[Result "0-1"]
[WhiteElo "2315"]
[BlackElo "2093"]
[PlyCount "120"]
[EventDate "2018.09.14"]
[WhiteTeam "Trepca Kosovska Mitrovica"]
[BlackTeam "Krusik Valjevo"]

1. Nf3 d5 2. b3 Nf6 3. Bb2 g6 4. g3 Bg7 5. Bg2 O-O 6. O-O Nbd7 7. d3 c5 8. e3
Qc7 9. c4 e5 10. Na3 a6 11. cxd5 Nxd5 12. d4 cxd4 13. exd4 exd4 14. Nxd4 N7b6
15. Rc1 Qd8 16. Rc2 h5 17. h3 h4 18. Qf3 Qg5 19. Bc1 Qf6 20. Qxf6 Bxf6 21. Ne2
Bf5 22. Rd2 Rad8 23. Rfd1 Rfe8 24. g4 Be4 25. f3 Bd3 26. Rxd3 Rxe2 27. f4 Ree8
28. g5 Nc3 29. Rxd8 Bxd8 30. Rf1 Nbd5 31. Bxd5 Nxd5 32. Nc4 Bc7 33. Kg2 b5 34.
Ne5 Bxe5 35. Re1 Rc8 36. fxe5 Rc2+ 37. Kf3 Rxa2 38. e6 fxe6 39. Rxe6 Kf7 40.
Rd6 Ne7 41. Rf6+ Kg7 42. Re6 Nf5 43. Rb6 Rh2 44. Kf4 Rxh3 45. Rb7+ Kg8 46. Rb8+
Kf7 47. Ba3 Rxb3 48. Rb7+ Kg8 49. Rb8+ Kf7 50. Rb7+ Ke8 51. Bc5 Rc3 52. Bg1 Rc6
53. Ke5 Ne7 54. Rb8+ Rc8 55. Rb6 Rc1 56. Bh2 Rc2 57. Bf4 Rc5+ 58. Kd4 Rc4+ 59.
Ke5 Nc6+ 60. Kf6 Rxf4+ 0-1

[Event "PRVA LIGA CENTRALNE SRBIJE 2018."]
[Site "Kragujevac"]
[Date "2018.09.18"]
[Round "6.3"]
[White "Rakhmanov, Aleksandr"]
[Black "Draskovic, Luka"]
[Result "0-1"]
[WhiteElo "2647"]
[BlackElo "2449"]
[Annotator "Balkanchess"]
[PlyCount "118"]
[EventDate "2018.??.??"]
[WhiteClock "0:01:22"]
[BlackClock "0:02:27"]

1. d4 Nf6 2. c4 e6 3. Nc3 Bb4 4. e3 O-O 5. Bd3 d5 6. Nge2 dxc4 7. Bxc4 c5 8. a3
Bxc3+ 9. bxc3 Qc7 10. Ba2 b6 11. O-O Bb7 12. Bb2 Rd8 13. c4 cxd4 14. exd4 Nc6
15. d5 Ne5 16. Nf4 exd5 17. cxd5 Qd6 18. Re1 Re8 19. Qa4 Ned7 20. Qd4 Rxe1+ 21.
Rxe1 Re8 22. Re3 Kf8 23. h4 h6 24. h5 Nc5 25. Rxe8+ Nxe8 26. f3 Ba6 27. Bc3 Nf6
28. Qe5 Qxe5 29. Bxe5 Nfd7 30. Bd6+ Ke8 31. Kf2 Nb7 32. Bb4 Ndc5 33. Bc3 Kf8
34. g4 Nd6 35. Be5 Nc4 36. Bxc4 Bxc4 37. Ke3 Nd7 38. Bd6+ Ke8 39. Kd4 Bb3 40.
Ng2 Bd1 41. Nh4 g6 42. g5 hxg5 43. h6 Nf6 44. Ng2 Bxf3 45. Ne3 g4 46. Be5 Nh7
47. Nc4 Be2 48. Nd6+ Ke7 49. Nc8+ Kd7 50. Nxa7 f5 51. Nc6 g5 52. Bb8 f4 53.
Ne5+ Kc8 54. Ba7 Kb7 55. d6 g3 56. d7 g2 57. d8=Q g1=Q+ 58. Kc3 Qc1+ 59. Kb3
Bd1+ 0-1

[Event "PRVA LIGA CENTRALNE SRBIJE 2018."]
[Site "Kragujevac"]
[Date "2018.09.18"]
[Round "6.3"]
[White "Djordjevic, Vuk"]
[Black "Damljanovic, Branko"]
[Result "1/2-1/2"]
[WhiteElo "2404"]
[BlackElo "2470"]
[Annotator "Balkanchess"]
[PlyCount "162"]
[EventDate "2018.??.??"]
[WhiteClock "0:01:39"]
[BlackClock "0:05:59"]

1. d4 Nf6 2. Bg5 e6 3. e4 h6 4. Bxf6 Qxf6 5. c3 d6 6. Bd3 e5 7. Ne2 g6 8. O-O
Bg7 9. f4 Qe7 10. Nd2 Nc6 11. Nf3 O-O 12. Qb3 a5 13. a4 Rb8 14. h3 Bd7 15. Rae1
Kh7 16. Bb5 exd4 17. Nexd4 Nxd4 18. cxd4 c6 19. Bd3 Qd8 20. e5 Be6 21. Bc4 Bxc4
22. Qxc4 f5 23. Re2 d5 24. Qc2 Qe7 25. Qc3 Qb4 26. Qxb4 axb4 27. Ne1 Rf7 28. b3
Bf8 29. Nc2 Be7 30. Ne3 Rd8 31. Rc2 h5 32. g3 Rdf8 33. Rcf2 Rd8 34. Kg2 Kg7 35.
Rd2 Rff8 36. Rd3 Kf7 37. Kf3 Ke6 38. Rg1 Rh8 39. Rd2 g5 40. fxg5 Bxg5 41. Rc2
Bxe3 42. Kxe3 Rhg8 43. Kf4 Ra8 44. Rcg2 Rg7 45. Kf3 Rc8 46. Rc1 Rcg8 47. Kf4
Rc7 48. a5 Ra8 49. Ra2 h4 50. a6 bxa6 51. Rac2 Kd7 52. gxh4 Rh8 53. Kg5 Rcc8
54. h5 f4 55. Rf2 Rcf8 56. Rcf1 Rhg8+ 57. Kh4 c5 58. dxc5 Ke6 59. Rxf4 Rxf4+
60. Rxf4 a5 61. h6 Kxe5 62. Rf7 Ke6 63. Ra7 d4 64. Rxa5 Kd5 65. Rb5 d3 66. c6+
Kxc6 67. Rxb4 Rd8 68. Rc4+ Kb5 69. Rc1 Kb4 70. Rb1 Kc3 71. b4 Kc2 72. Ra1 d2
73. Kg5 Rd5+ 74. Kf6 Rd6+ 75. Kg7 Rd7+ 76. Kg8 Rd8+ 77. Kf7 Rd7+ 78. Kf6 Rd6+
79. Kg5 Rd5+ 80. Kg6 Rd6+ 81. Kg5 Rd5+ 1/2-1/2

[Event "PRVA LIGA CENTRALNE SRBIJE 2018."]
[Site "Kragujevac"]
[Date "2018.09.18"]
[Round "6.3"]
[White "Nestorovic, Nikola"]
[Black "Radovanovic, Mihajlo"]
[Result "1/2-1/2"]
[WhiteElo "2453"]
[BlackElo "2427"]
[Annotator "Balkanchess"]
[PlyCount "93"]
[EventDate "2018.??.??"]
[WhiteClock "0:17:06"]
[BlackClock "0:28:51"]

1. e4 c5 2. Nf3 d6 3. d4 cxd4 4. Nxd4 Nf6 5. Nc3 a6 6. Be2 e5 7. Nb3 Be7 8. Be3
Be6 9. Qd3 Nbd7 10. Nd5 Bxd5 11. exd5 Rc8 12. c4 O-O 13. O-O Ne8 14. Qd2 Nc5
15. Na5 Qc7 16. f3 f5 17. b4 f4 18. Bf2 e4 19. bxc5 e3 20. Bxe3 fxe3 21. Qb4
Rb8 22. Rab1 dxc5 23. Qb6 Qxb6 24. Rxb6 Nd6 25. Rfb1 Bd8 26. Rxd6 Bxa5 27. Re6
b5 28. Rxe3 Bd2 29. Re6 b4 30. Rxa6 Ra8 31. Rxa8 Rxa8 32. Kf2 Rxa2 33. h4 Bc3
34. f4 Bd4+ 35. Kf3 Ra3+ 36. Kg4 Kf7 37. Bf3 b3 38. h5 b2 39. Be4 h6 40. Bg6+
Ke7 41. Re1+ Re3 42. Rxe3+ Bxe3 43. Kf3 Bd4 44. g4 Kf6 45. Bf5 Bc3 46. Bb1 Bd2
47. Ke4 {Ke5+} 1/2-1/2

[Event "PRVA LIGA CENTRALNE SRBIJE 2018."]
[Site "Kragujevac"]
[Date "2018.09.18"]
[Round "6.3"]
[White "Pezelj, Novak"]
[Black "Ostojic, Nikola"]
[Result "1-0"]
[WhiteElo "2457"]
[BlackElo "2441"]
[PlyCount "105"]
[EventDate "2018.??.??"]

1. e4 c6 2. Nc3 d5 3. Nf3 dxe4 4. Nxe4 Bf5 5. Ng3 Bg4 6. h3 Bxf3 7. Qxf3 e6 8.
Be2 Nf6 9. O-O Be7 10. Rd1 O-O 11. d4 Nbd7 12. c4 Qc7 13. b3 Rfe8 14. Bb2 Bf8
15. Rac1 Qd8 16. Nf1 g6 17. Qe3 Bg7 18. Nh2 Qc7 19. Rd2 a6 20. Rcd1 Nb6 21. Nf3
Nfd7 22. Qg5 Rad8 23. Bc3 Nc8 24. Rd3 Ne7 25. Qa5 Qb8 26. Bf1 Nf5 27. g3 Qc8
28. Qa3 c5 29. dxc5 Bxc3 30. Rxc3 Nxc5 31. Rcc1 Qc7 32. Qb2 a5 33. a3 Qb6 34.
b4 axb4 35. axb4 Rxd1 36. Rxd1 Ne4 37. Rb1 Nfxg3 38. c5 Qc7 39. fxg3 Qxg3+ 40.
Bg2 Rd8 41. Qe5 Qf2+ 42. Kh2 Qc2 43. Rb2 Qc1 44. Re2 Nc3 45. Re1 Qc2 46. Qg5
Rd3 47. Rf1 Qe2 48. Ng1 Qd2 49. Qf6 Rd7 50. Nf3 Qc2 51. Ra1 Na2 52. Ne5 Rd2 53.
Qxf7+ 1-0

[Event "PRVA LIGA CENTRALNE SRBIJE 2018."]
[Site "Kragujevac"]
[Date "2018.09.18"]
[Round "6.3"]
[White "Nestorovic, Lazar"]
[Black "Mijailovic, Zoran"]
[Result "1/2-1/2"]
[WhiteElo "2353"]
[BlackElo "2400"]
[Annotator "Balkanchess"]
[PlyCount "109"]
[EventDate "2018.??.??"]
[WhiteClock "0:01:44"]
[BlackClock "0:02:30"]

1. e4 e5 2. Nf3 Nf6 3. Nxe5 d6 4. Nc4 Nxe4 5. Qe2 Qe7 6. Ne3 Nf6 7. b3 Nc6 8.
Bb2 Be6 9. g3 Qd7 10. Bg2 Be7 11. c4 O-O 12. Nc3 Nd4 13. Qd3 c5 14. O-O Rfe8
15. f4 g6 16. Ne2 Nf5 17. Nd5 Bxd5 18. cxd5 h5 19. h3 Qd8 20. Bf3 Bf8 21. g4
hxg4 22. hxg4 Nh4 23. g5 Nxf3+ 24. Rxf3 Nh5 25. Ng3 Bg7 26. Bxg7 Nxg7 27. Raf1
Qd7 28. Ne4 Rxe4 29. Qxe4 Qg4+ 30. Kf2 Re8 31. Qa4 Qh4+ 32. Rg3 c4 33. Qd7 Qh2+
34. Rg2 Qxf4+ 35. Kg1 Qd4+ 36. Rgf2 Re4 37. Qxf7+ Kh7 38. Qf3 Nf5 39. Kh1 cxb3
40. Rh2+ Kg7 41. Qxb3 b6 42. Rh3 Qe5 43. Qf3 Re1 44. Rxe1 Qxe1+ 45. Kh2 Qxd2+
46. Qg2 Qf4+ 47. Kh1 Nh4 48. Qg3 Qf1+ 49. Kh2 Qe2+ 50. Kg1 Qd1+ 51. Kf2 Qc2+
52. Kf1 Qb1+ 53. Ke2 Qc2+ 54. Kf1 Qb1+ 55. Ke2 1/2-1/2

[Event "PRVA LIGA CENTRALNE SRBIJE 2018."]
[Site "Kragujevac"]
[Date "2018.09.18"]
[Round "6.3"]
[White "Rajkovic, Mladen"]
[Black "Blesic, Vaso"]
[Result "1/2-1/2"]
[WhiteElo "2304"]
[BlackElo "2373"]
[Annotator "Balkanchess"]
[PlyCount "49"]
[EventDate "2018.??.??"]
[WhiteClock "0:36:46"]
[BlackClock "0:55:18"]

1. e4 Nf6 2. e5 Nd5 3. c4 Nb6 4. d4 d6 5. exd6 cxd6 6. Nc3 g6 7. Be3 Bg7 8. Rc1
O-O 9. b3 Bf5 10. Be2 d5 11. c5 Nc8 12. b4 Nc6 13. b5 Nxd4 14. Bxd4 e5 15. Nf3
exd4 16. Nxd4 Bh6 17. Nxf5 Bxc1 18. Qxc1 gxf5 19. O-O Ne7 20. Rd1 Rc8 21. Nxd5
Nxd5 22. Rxd5 Qxd5 23. Qg5+ Kh8 24. Qf6+ Kg8 25. Qg5+ {Qd8} 1/2-1/2

[Event "PRVA LIGA CENTRALNE SRBIJE 2018."]
[Site "Kragujevac"]
[Date "2018.09.18"]
[Round "6.4"]
[White "Petkov, Vladimir"]
[Black "Parligras, Mircea-Emilian"]
[Result "0-1"]
[WhiteElo "2510"]
[BlackElo "2623"]
[PlyCount "98"]
[EventDate "2018.??.??"]

1. d4 Nf6 2. c4 e6 3. Nc3 Bb4 4. g3 O-O 5. Bg2 d5 6. a3 Bxc3+ 7. bxc3 dxc4 8.
Nf3 c5 9. O-O Bd7 10. Ne5 Bc6 11. Nxc6 Nxc6 12. dxc5 Qa5 13. Rb1 Rad8 14. Qc2
Rd7 15. a4 Qxc5 16. Qa2 Rc8 17. Ba3 Qe5 18. Qxc4 Ne7 19. Qb5 Qxb5 20. Rxb5 Ned5
21. Bb2 Rc4 22. a5 Ne4 23. Rd1 Rdc7 24. Rb4 f5 25. Rxc4 Rxc4 26. e3 Ra4 27. c4
Rxc4 28. Bd4 a6 29. g4 g6 30. gxf5 gxf5 31. Bf1 Ra4 32. Rb1 Rb4 33. Rc1 Nd2 34.
Rc8+ Kf7 35. Be2 Nb3 36. Be5 Re4 37. Bd6 Nxa5 38. Bf3 Rc4 39. Rh8 Rc1+ 40. Kg2
Nc4 41. Bg3 b5 42. Rxh7+ Kg6 43. Rb7 Rc2 44. e4 Nf6 45. exf5+ Kxf5 46. h4 e5
47. Kh3 e4 48. Bd1 Rd2 49. Bb3 Na5 0-1

[Event "PRVA LIGA CENTRALNE SRBIJE 2018."]
[Site "Kragujevac"]
[Date "2018.09.18"]
[Round "6.4"]
[White "Zajic, Milan"]
[Black "Paunovic, Tomislav"]
[Result "1-0"]
[WhiteElo "2497"]
[BlackElo "2340"]
[Annotator "Balkanchess"]
[PlyCount "65"]
[EventDate "2018.??.??"]
[WhiteClock "0:01:17"]
[BlackClock "0:04:11"]

1. e4 g6 2. d4 Bg7 3. Nc3 d5 4. exd5 Nf6 5. Bc4 Nbd7 6. Nf3 Nb6 7. Bb3 a5 8. a4
Nbxd5 9. Nxd5 Nxd5 10. O-O O-O 11. h3 c6 12. Re1 Be6 13. Bg5 h6 14. Bh4 Nf4 15.
c4 g5 16. Bg3 Ng6 17. Qd3 Qc8 18. Bc2 Rd8 19. Ne5 Nf8 20. Re2 b5 21. axb5 cxb5
22. cxb5 Bxe5 23. Rxe5 Qd7 24. Rd1 f6 25. Rxe6 Qxe6 26. Bb3 Rd5 27. Qf3 Rad8
28. Bc7 a4 29. Ba2 R8d7 30. b6 Qc6 31. Re1 Ne6 32. Rxe6 Qxe6 33. b7 1-0

[Event "PRVA LIGA CENTRALNE SRBIJE 2018."]
[Site "Kragujevac"]
[Date "2018.09.18"]
[Round "6.4"]
[White "Manic, Jovica"]
[Black "Perunovic, Miodrag"]
[Result "0-1"]
[WhiteElo "2255"]
[BlackElo "2433"]
[Annotator "Balkanchess"]
[PlyCount "126"]
[EventDate "2018.??.??"]
[WhiteClock "0:18:23"]
[BlackClock "0:22:09"]

1. d4 Nf6 2. Bf4 e6 3. e3 b6 4. Nd2 Bb7 5. h3 Be7 6. Ngf3 O-O 7. Bd3 c5 8. c3
cxd4 9. cxd4 Nc6 10. a3 d6 11. Qe2 Re8 12. Bh2 Bf8 13. e4 a6 14. O-O b5 15.
Rfe1 Qb6 16. Qe3 Rac8 17. Rac1 e5 18. d5 Qxe3 19. fxe3 Na5 20. b3 g6 21. Kf2
Be7 22. Ke2 Kg7 23. Rf1 h6 24. Rxc8 Rxc8 25. Nxe5 Rc3 26. b4 Nc4 27. Nb1 Rxd3
28. Nxd3 Nxe4 29. Nf4 g5 30. Nh5+ Kg6 31. Ng3 Nxg3+ 32. Bxg3 Bxd5 33. Rg1 Bf6
34. Nd2 Bb2 35. Nxc4 Bxc4+ 36. Kd2 d5 37. Bd6 h5 38. Kc2 Bf6 39. Bc5 Bd8 40.
Kd2 Bc7 41. Bd4 h4 42. Ra1 Kf5 43. Rh1 a5 44. Bc5 a4 45. Bd4 Bd8 46. Rg1 Ke4
47. Re1 f5 48. Kc3 Bc7 49. Bf6 Bg3 50. Rd1 Kxe3 51. Bxg5+ f4 52. Bf6 Ke2 53.
Rd2+ Kf1 54. Kd4 Bf2+ 55. Rxf2+ Kxf2 56. Ke5 Kxg2 57. Kxf4 Kxh3 58. Kf3 Bb3 59.
Be5 Bd1+ 60. Kf2 Kg4 61. Ke3 Bf3 62. Kd4 Kh3 63. Kc5 Be2 0-1

[Event "PRVA LIGA CENTRALNE SRBIJE 2018."]
[Site "Kragujevac,hotel Sumarice"]
[Date "2018.09.18"]
[Round "6.4"]
[White "Radivojevic, Ivan"]
[Black "Todorovic, Bojan"]
[Result "1-0"]
[WhiteElo "2360"]
[BlackElo "2318"]
[PlyCount "47"]
[EventDate "2018.09.14"]
[WhiteTeam "Pozega"]
[BlackTeam "Progres  Pirot"]

1. e4 g6 2. d4 Bg7 3. Nc3 d6 4. g3 e5 5. dxe5 dxe5 6. Qxd8+ Kxd8 7. Bg5+ f6 8.
O-O-O+ Nd7 9. Be3 Nh6 10. Be2 c6 11. h4 Kc7 12. h5 f5 13. Nh3 Nf7 14. Ng5 Nd8
15. hxg6 hxg6 16. Rxh8 Bxh8 17. Rh1 Bg7 18. Rh7 Bf8 19. exf5 gxf5 20. Bd3 e4
21. Bf1 Kd6 22. Bf4+ Kc5 23. Rh8 Be7 24. Ngxe4+ 1-0

[Event "PRVA LIGA CENTRALNE SRBIJE 2018."]
[Site "Kragujevac,hotel Sumarice"]
[Date "2018.09.18"]
[Round "6.4"]
[White "Jovanovic, Bojan P"]
[Black "Marcetic, Nikola"]
[Result "1/2-1/2"]
[WhiteElo "2275"]
[BlackElo "2333"]
[PlyCount "95"]
[EventDate "2018.09.14"]
[WhiteTeam "Progres  Pirot"]
[BlackTeam "Pozega"]

1. b3 d5 2. Bb2 Bf5 3. e3 e6 4. d3 Nf6 5. Nd2 Nbd7 6. f4 Bc5 7. Qf3 Qe7 8. e4
Bg4 9. Qg3 dxe4 10. dxe4 Bxg1 11. Rxg1 Qc5 12. e5 Qxg1 13. exf6 Nxf6 14. Bxf6
gxf6 15. Qxg4 O-O-O 16. O-O-O Qxh2 17. Qf3 Rhg8 18. g4 c6 19. Bd3 Rd4 20. Rf1
h5 21. g5 fxg5 22. fxg5 Rxg5 23. Qxf7 Rg1 24. Qxe6+ Kc7 25. Kb2 Rxf1 26. Nxf1
Qf4 27. Ne3 Rd6 28. Qe7+ Rd7 29. Qe6 Qd4+ 30. Kb1 Rg7 31. Bf1 Qc3 32. Nc4 b5
33. Nd6 Rd7 34. Ne8+ Kd8 35. Bd3 Re7 36. Qd6+ Kxe8 37. Bg6+ Kf8 38. Qd8+ Kg7
39. Qxe7+ Kxg6 40. Qe4+ Kg5 41. Qe7+ Kg4 42. Qe4+ Kg5 43. Qe7+ Qf6 44. Qe3+ Kh4
45. Qxa7 Qe6 46. a4 bxa4 47. bxa4 Kg3 48. Qg1+ 1/2-1/2